000
00272nam a22001217a 4500
008
170608b xxu||||| |||| 00| 0 eng d
041
_a
eng
080
_a
328
100
_a
18
101
_a
SHP
245
_a
TOWAD SUSTAINABLE COMMUNITIES
_c
ROSELAND.M
942
_2
udc
_c
BK
999
_c
16492
_d
16492